000 00318nam a2200109Ia 4500
008 171211s9999 xx 000 0 und d
245 _aWeb Design: A Beginner's Guide Second Edition
245 _cWendy Willard
260 _c2010
650 _xWeb Development
856 _uhttp://down.ebook777.com/011/9780071701341.pdf
999 _c350086
_d350086